| 000 | 00474nam a22001817a 4500 | ||
|---|---|---|---|
| 005 | 20251108175722.0 | ||
| 008 | 250721s2019 xx 000 0 eng d | ||
| 082 | 1 | 4 | _aJ/F/ANT |
| 245 | 1 | 4 | _aThe ant and the grasshopper / |
| 250 | _aالاولى | ||
| 264 |
_bHOME APPLIED TRAINING, _c2019. |
||
| 300 | _a16 P | ||
| 490 | 0 | _aAESOP'S FABLES | |
| 650 | 1 | 7 | _aFICTION |
| 653 | _aاطفال مرحلة متوسطة(6-9)سنوات | ||
| 942 |
_2ddc _cBK |
||
| 999 |
_c140750 _d140750 |
||